000 01624nam a2200397 i 4500
001 193654
003 SpMaBN
005 20240207063029.0
008 111123s2011 ge ao r 000 0 spa c
020 _a9783836502856
035 _a(OCoLC)864132973
035 _aa5330675
040 _cSpMaBN
080 _a791 Almodóvar, Pedro
100 1 _aAlmodóvar, Pedro,
_d1949-
_0XX4578342
_920157
_eaut
245 1 4 _aLos archivos de Pedro Almodóvar /
_cedición de Paul Duncan en colaboración con Bárbara Peiró ; escrito por Pedro Almodóvar con Vicente Molina Foix... [et al.] ; prólogo de Thierry Frémaux.
260 _aKöln :
_bTaschen,
_c[2011]
300 _a407 páginas :
_bilustraciones (blanco y negro y color) ;
_c31 x 42 cm +
_e1 filmina
336 _aTexto (visual)
_2isbdcontent
337 _asin mediación
_2isbdmedia
500 _aÍndice
500 _aAcompañado de un tira de imágenes de "Volver" de una película de 35 mm perteneciente a Pedro Almodóvar
504 _aBibliografía: páginas 396-399
600 1 4 _aAlmodóvar, Pedro,
_d1949-
_2embne
_920157
650 4 _911025
_aCine-
_zEspaña
700 _aDuncan, Paul,
_d1964-
_9235021
_epbl
700 _aPeiró, Bárbara
_9235022
_epbl
700 _aMolina Foix, Vicente,
_d1946-
_9235020
_eaut
700 _aFrémaux, Thierry
_9235023
_eaui
852 _aES-MaACL
_bR.154731
_cDEPO2
_jGF-112
_hDonación: Pedro Almodóvar
_9201181
903 _920157
_aAlmodóvar, Pedro,
_d1949-
_ednr
942 _cMONOGRAFIA
_n0
999 _c193654
_d193654